Objective IELTS: Advanced Student's book

Bewaard in:
Bibliografische gegevens
Hoofdauteur: Black, Michael
Formaat: Boek
Taal:Undetermined
Gepubliceerd in: Cambridge, UK Cambridge University Press 2006
Onderwerpen:
Tags: Voeg label toe
Geen labels, Wees de eerste die dit record labelt!
Thư viện lưu trữ: Trung tâm Học liệu Trường Đại học Cần Thơ
LEADER 00809nam a2200241Ia 4500
001 CTU_127672
008 210402s9999 xx 000 0 und d
020 |c 310000 
082 |a 428.24 
082 |b B627 
100 |a Black, Michael 
245 0 |a Objective IELTS: 
245 0 |b Advanced Student's book 
245 0 |c Michael Black, Annette Capel 
260 |a Cambridge, UK 
260 |b Cambridge University Press 
260 |c 2006 
650 |a International English Language Testing System.,English language,English language 
650 |x Textbooks for foreign speakers,Study and teaching (Higher) 
650 |y Examinations, questions, etc.,Foreign speakers. 
904 |i Minh 
910 |a Sách kèm đĩa AV.000782, AV.000783 
980 |a Trung tâm Học liệu Trường Đại học Cần Thơ